| 000 | 00790nam a22002177a 4500 | ||
|---|---|---|---|
| 999 |
_c19202 _d19202 |
||
| 003 | AR-CdUCM | ||
| 008 | 190516b ||||| |||| 00| 0 spa d | ||
| 040 |
_aMUNICIPALIDAD PROVINCIAL DEL CUSCO _cBIBLIOTECA MUNICIPAL DEL CUSCO |
||
| 082 |
_a335.4 / _bB24 |
||
| 100 |
_aBarbash, Jack _940399 |
||
| 245 | _aLas raíces del obrerismo / | ||
| 260 |
_aMéxico : _bMexicanos unidos, _c1965. |
||
| 300 |
_a341 páginas ; _c20 cm. |
||
| 505 | _aContenido : El sindicato en movimiento -- El sindicato dentro del movimiento obrero norteamericano -- La base constitucional del gobierno sindical ... | ||
| 650 |
_aMovimiento _91984 |
||
| 650 |
_aSindicato _912479 |
||
| 650 |
_aNegocios _9825 |
||
| 700 |
_aPalomar, Carlos (Traducción) _917132 |
||
| 942 |
_2ddc _cLIBROS |
||
| 945 |
_arah _d2019-05-16 |
||